00825njm a22002417a 450000500170000000600190001700700150003600800410005102800220009203500130011404000130012710000110014024500940015126000320024530000940027750000170037150000320038850500780042060000110049865000370050970000220054670000150056820100901115333.0a|||||r|||||00| 0 sd ammalaaahaa100901t xxu||||| |||| 00| 0 eng d a3 AEX 5036bOdeon aGR-03134 aSEDcSED aMukesh aSangam /cby Mukesh ; music by Shankar Jaikishan ; lyric by Shailenorah[Sound recording] aDUM DUM, IndiabOdeonc1964 a1 Sound disc [Gramophone Recording] :banalog, 33 1/3 rpmc12 in. (LP)fGramophone Record aBrief record aRecord Labels : Odeon,Black aSide-1 (Bol Radha Bol) (Mukesh)--Side-2 (Mai Ka Karoon) (Lata Mangeshkar) 2Mukesh aClassical musicxExcerptszIndia aShankar Jaikishan aShailenora